000 01612nam a22003737a 4500
003 CHAP
005 20220329135008.0
008 971013s1968 r 00010 d
010 _a29244
011 _a30216
035 _a34328
040 _cCHAP
082 _a581.1
_bK6
100 0 0 _aKozlowski, Theodore Thomas.
_963831
245 _aWater deficits and plant growth
260 _aNew York :
_bAcademic Press,
_c1968-
300 _av.
_b: ilus.
505 _aContenido : v.1 Development, control and measurement.-v.2 Plant water consumption and response.-v.3 Plant responses and control of water balance.-v.4 Soil water measurement, plant responses and breeding for drought resistance.-v.5 Water and plant diseas
590 _aBATCH-UPD
_b10
_c20130110
_lUCH01
_h1758
590 _aBATCH-UPD
_b10
_c20130410
_lUCH01
_h1135
590 _aBATCH-UPD
_b10
_c20130914
_lUCH01
_h1710
590 _aCONVERSION
_b10
_c20130109
_lUCH01
_h1317
650 1 4 _aPlantas
_xAbsorción de agua.
_988789
650 1 4 _aPlantas
_xAgua requerida.
_988790
901 _aBK
942 _cLIBRO
949 _a581.1 K6
_bBC
_cLIBRO
_d33724000424925
_eLIBRO
_fv.3
_h65220
_i34328
_si
949 _a581.1 K6
_bBC
_cLIBRO
_d33724000424933
_eLIBRO
_fv.2
_h65219
_i34328
_si
949 _a581.1 K6
_bBC
_cLIBRO
_d33724000502837
_eLIBRO
_fv.5 c.2
_h55370
_i34328
_si
949 _a581.1 K6
_bBC
_cLIBRO
_d33724000502845
_eLIBRO
_fv.6
_i34328
_si
949 _a581.1 K6
_bBC
_cLIBRO
_d33724000502860
_eLIBRO
_fv.5
_i34328
_si
949 _a581.1 K6
_bBC
_cLIBRO
_d33724000502878
_eLIBRO
_fv.4
_i34328
_si
949 _a581.1 K6
_bBC
_cLIBRO
_d33724000947156
_eLIBRO
_fv.1
_i34328
_si
999 _c29244
_d29244